Canada province's highway shields. - Statistics

General Stats
  • This quiz has been taken 42 times
  • The average score is 17 of 21
Answer Stats
Picture Answer % Correct
British Columbia
92%
Manitoba
92%
Alberta
88%
Alberta
88%
British Columbia
88%
Manitoba
88%
New Brunswick
88%
Northwest Territories
88%
Ontario
83%
Quebec
83%
Quebec
83%
Nova Scotia
79%
Yukon
79%
Yukon
79%
Ontario
75%
Prince Edward Island
75%
Saskatchewan
71%
Ontario
67%
Saskatchewan
67%
Newfoundland and Labrador
58%
Ontario
50%
No matching quizzes found
Score Distribution
Percent of People with Each Score
Percentile by Number Answered
Your Score History
You have not taken this quiz